Droplets of life : membrane-less organelles, biomolecular condensates, and biological liquid-liquid phase separation /

Bibliographic Details
Corporate Author: ScienceDirect (Online service)
Other Authors: Uversky, Vladimir
Format: eBook
Language:English
Published: [S.l.] : Academic Press, 2022.
Subjects:
Online Access:Connect to the full text of this electronic book

MARC

Tag First Indicator Second Indicator Subfields
LEADER 00000cam a2200000 a 4500
001 in00005771108
005 20260327173731.0
006 m o d
007 cr un|---aucuu
007 cr |n|||||||||
008 221112s2022 xx o 000 0 eng d
040 |a YDX  |b eng  |c YDX  |d OPELS  |d UKAHL  |d OCLCF  |d UKMGB  |d N$T  |d OCLCO  |d SXB  |d OCLCQ  |d OCLCL 
015 |a GBC305571  |2 bnb 
016 7 |a 020849998  |2 Uk 
020 |a 9780128241752  |q (electronic bk.) 
020 |a 0128241756  |q (electronic bk.) 
020 |z 9780128239674 
020 |z 0128239670 
035 |a (OCoLC)1350668232 
037 |a 9780128241752  |b Ingram Content Group 
050 4 |a QH581.2 
082 0 4 |a 571.65  |2 23 
049 |a TXAM 
245 0 0 |a Droplets of life :  |b membrane-less organelles, biomolecular condensates, and biological liquid-liquid phase separation /  |c edited by Vladimir Uversky. 
260 |a [S.l.] :  |b Academic Press,  |c 2022. 
300 |a 1 online resource 
336 |a text  |b txt  |2 rdacontent 
337 |a computer  |b c  |2 rdamedia 
338 |a online resource  |b cr  |2 rdacarrier 
588 0 |a Print version record. 
650 0 |a Cell organelles. 
650 7 |a Cell organelles  |2 fast 
655 7 |a Electronic books.  |2 local 
700 1 |a Uversky, Vladimir. 
710 2 |a ScienceDirect (Online service) 
776 0 8 |i Print version:  |z 0128239670  |z 9780128239674  |w (OCoLC)1283822483 
776 0 8 |i Print version:  |t Droplets of life  |z 9780128239674  |w (OCoLC)1346510452 
856 4 0 |u http://proxy.library.tamu.edu/login?url=https://www.sciencedirect.com/science/book/9780128239674  |z Connect to the full text of this electronic book  |t 0 
955 |a Elsevier ScienceDirect 2026-2027 
994 |a 92  |b TXA 
999 f f |i 58de4a90-3498-47a4-8298-3b8c83a2b4b6  |s 7778f755-6f85-4f5e-bf45-381477e5dfdd  |t 0 
952 f f |a Texas A&M University  |b College Station  |c Electronic Resources  |s www_evans  |d Available Online  |t 0  |e QH581.2   |h Library of Congress classification 
998 f f |a QH581.2   |t 0  |l Available Online